000
00274nam a22001337a 4500
003
SGT
082
_a
531
_b
GOL
100
_a
GOLDSTEIN, HEVBERT
245
_a
CLASSICAL MECHANICS
250
_a
3RD
260
_a
INDIA
_b
PEARSON
_c
2021
300
_a
646
942
_2
ddc
_c
BK
_0
1
999
_c
22232
_d
22232